000 00364nam a2200157Ia 4500
008 221030s9999 xx 000 0 und d
041 _aEnglish
082 _a105.23
100 _aAnkush Vaid/238
245 0 _aPC-DRIVEN LED DISPLAY
260 _aJammu
_c2001
650 _aComputers
700 _aPankaj Sharma/253
700 _aRimpi Magotra/246
942 _cTH
999 _c2988
_d2988